LIBRARY & INFORMATION CENTRE, KCAET, TAVANUR

ONLINE PUBLIC ACCESS CATALOGUE (OPAC)

Erosion studies using rainfall simulator aond geotextiles (Record no. 15230)

MARC details
000 -LEADER
fixed length control field 00635nam a22001937a 4500
003 - CONTROL NUMBER IDENTIFIER
control field OSt
088 ## - REPORT NUMBER
Report number P 129
100 ## - MAIN ENTRY--AUTHOR NAME
Personal name ARULRAJ M
245 ## - TITLE STATEMENT
Title Erosion studies using rainfall simulator aond geotextiles
260 ## - PUBLICATION, DISTRIBUTION, ETC. (IMPRINT)
Place of publication Tavanur 2002
Name of publisher Kelappaji College of Agricultural Engineering and Technology
300 ## - PHYSICAL DESCRIPTION
Number of Pages 66
500 ## - GENERAL NOTE
General note Erosion studies using rainfall simulator aond geotextiles
520 ## - SUMMARY, ETC.
Summary, etc Erosion studies using rainfall simulator aond geotextiles
700 ## - ADDED ENTRY--PERSONAL NAME
Personal name Govind Kumar S
700 ## - ADDED ENTRY--PERSONAL NAME
Personal name Pradeep Varghese
700 ## - ADDED ENTRY--PERSONAL NAME
Personal name Er. Renuka Kumari J (Guide)
942 ## - ADDED ENTRY ELEMENTS (KOHA)
Koha item type Project Report
Holdings
Collection code Home library Current library Shelving location Full call number Accession Number Koha item type
Reference KAUAET KAUAET Reference 631.75807 ARU/ER P 129 Project Report
free website counter